Democracy and welfare economics (Record no. 146836)

MARC details
000 -LEADER
fixed length control field 00748nam a2200253Ia 4500
008 - FIXED-LENGTH DATA ELEMENTS--GENERAL INFORMATION
fixed length control field 191130s1993##################000#0#eng##
020 ## - INTERNATIONAL STANDARD BOOK NUMBER
ISBN 9780521436373
082 ## - DEWEY DECIMAL CLASSIFICATION NUMBER
Classification number 330.1556 DOE
100 ## - MAIN ENTRY--AUTHOR NAME
Personal name Doel, Hans van den
245 ## - TITLE STATEMENT
Title Democracy and welfare economics
Statement of responsibility, etc Hans van den Doel and Ben van Velthoven
250 ## - EDITION STATEMENT
Edition statement 2nd ed
260 ## - PUBLICATION, DISTRIBUTION, ETC. (IMPRINT)
Place of publication Cambridge
Name of publisher Cambridge University Press
Year of publication 1993
300 ## - PHYSICAL DESCRIPTION
Number of Pages xii, 212 p. : ill. ; 23 cm
500 ## - GENERAL NOTE
General note Includes bibliographical references and index
650 ## - SUBJECT ADDED ENTRY--TOPICAL TERM
Topical Term Bureaucracy
Topical Term Democracy
Topical Term Welfare economics
700 ## - ADDED ENTRY--PERSONAL NAME
Personal name Velthoven, Ben van
991 ## -
-- 39164
Holdings
Withdrawn status Lost status Damaged status Not for loan Home library Current library Shelving location Date acquired Full call number Accession Number Price effective from Koha item type
        Anna Centenary Library Anna Centenary Library 4TH FLOOR, A WING 12.10.2020 330.1556 DOE 196501 12.10.2020 English Books

Find us on the map